Historie pěstování chmele : průvodce po expozici Čs. zeměd. muzea-Zámek Kačina u Kutné Hory /

Hlavní autor: Tempír, Zdeněk, 1926-2024
Korporativní autor: Československé zemědělské muzeum (Praha, Česko)
Další autoři: Šmelhaus, Vratislav, 1922-1982
Jazyk: Čeština
Vydáno: Praha : Ústav vědeckotechn. informací MZLH, 1967
Témata:
Fyzický popis: 29, [2] s. ; 8°
Knihy
Uloženo v:
LEADER 01230nam a2200289 a 4500
001 000542480
003 CZ BrMZK
005 20000105143423.0
008 971203s1967 xr f cze d
015 |z cnb000494068 
035 |a (OCoLC)42124149 
040 |a ABA001  |a BOA001  |b cze 
080 |a 633.819.2(091)(083.89)  |2 MRF 
100 1 |a Tempír, Zdeněk,  |d 1926-2024  |7 jk01132196  |4 aut 
245 1 0 |a Historie pěstování chmele :  |b průvodce po expozici Čs. zeměd. muzea-Zámek Kačina u Kutné Hory /  |c naps. Z. Tempír a V. Šmelhaus ; fot.: V. Vaněk, J. Jaroš 
260 |a Praha :  |b Ústav vědeckotechn. informací MZLH,  |c 1967 
300 |a 29, [2] s. ;  |c 8° 
500 |a Vyd. Čs. zeměd. muzeum, Praha 
500 |a Přehl. lit. 
500 |a S obr. v textu 
700 1 |a Šmelhaus, Vratislav,  |d 1922-1982  |7 jk01130537  |4 aut 
710 2 |a Československé zemědělské muzeum (Praha, Česko)  |7 kn20050517007 
910 |a BOA001  |b X-0590.464 
964 |a Kačina (zámek) - muzeum zemědělské - expozice - pěstování chmele - průvodce 
964 |a Chmel - pěstování - dějiny - expozice muzejní 
990 |a BK 
996 6 |b 2619721661  |c X-0590.464  |l MZK  |r Sklad / do 24 hodin  |n 11  |w 000542480  |u 000010  |a 1  |e BOA001  |j MZK50  |s P